Číst Václava Havla /

Main Author: Danaher, David S.
Other Authors: Segi, Stefan, 1983-
Language: Czech
Published: Praha : Argo, 2016
Edition: První vydání
Subjects:
Physical Description: 285 stran ; 21 cm
Book
Saved in:
LEADER 02377nam a2200649 i 4500
001 nkc20162810996
003 CZ PrNK
005 20161025134410.0
007 ta
008 160720s2016 xr f 000 0 cze
015 |a cnb002810996 
020 |a 978-80-257-1720-2  |q (vázáno) 
035 |a (OCoLC)956489793 
040 |a ABA001  |b cze  |e rda 
041 1 |a cze  |h eng 
045 |a x-y- 
072 7 |a 821.162.3.09  |x Česká literatura (o ní)  |2 Konspekt  |9 11 
080 |a 821.162.3  |2 MRF 
080 |a 82-1/-9  |2 MRF 
080 |a 82:7.04  |2 MRF 
080 |a 82:316.3  |2 MRF 
080 |a 82:101  |2 MRF 
080 |a 82.07  |2 MRF 
080 |a (048.8)  |2 MRF 
100 1 |a Danaher, David S.  |7 jo2014820721  |4 aut 
240 1 0 |a Reading Václav Havel.  |l Česky 
245 1 0 |a Číst Václava Havla /  |c David S. Danaher ; přeložil Stefan Segi 
250 |a První vydání 
264 1 |a Praha :  |b Argo,  |c 2016 
300 |a 285 stran ;  |c 21 cm 
336 |a text  |b txt  |2 rdacontent 
337 |a bez média  |b n  |2 rdamedia 
338 |a svazek  |b nc  |2 rdacarrier 
500 |a Přeloženo z angličtiny 
504 |a Obsahuje bibliografii a bibliografické odkazy 
600 1 7 |a Havel, Václav,  |d 1936-2011  |7 jk01040240  |2 czenas 
648 7 |a 20.-21. století  |7 ch462155  |2 czenas 
650 0 7 |a česká literatura  |7 ph116858  |y 20.-21. století  |2 czenas 
650 0 7 |a literární žánry  |7 ph122406  |2 czenas 
650 0 7 |a literární náměty  |7 ph138213  |2 czenas 
650 0 7 |a literatura a společnost  |7 ph122371  |2 czenas 
650 0 7 |a literatura a filozofie  |7 ph122368  |2 czenas 
650 0 7 |a interpretace a přijetí literárního díla  |7 ph137145  |2 czenas 
650 0 9 |a Czech literature  |y 20th-21st centuries  |2 eczenas 
650 0 9 |a literary forms  |2 eczenas 
650 0 9 |a literary themes  |2 eczenas 
650 0 9 |a literature and society  |2 eczenas 
650 0 9 |a literature and philosophy  |2 eczenas 
650 0 9 |a interpretation and reception of literature  |2 eczenas 
655 7 |a monografie  |7 fd132842  |2 czenas 
655 9 |a monographs  |2 eczenas 
700 1 |a Segi, Stefan,  |d 1983-  |7 jo2016902488  |4 trl 
910 2 |a BOA001  |b 2-1376.166 
990 |a BK 
995 |a 01 
996 6 |b 2610684291  |c 2-1376.166  |l MZK  |r Sklad / do 1 hodiny  |n 0  |p p.v.  |w 001581978  |u 000010  |a 1  |e BOA001  |j MZK50  |s P 
996 7 |b 2610686488  |c 2-1376.166  |l MZK  |r Sklad / do 1 hodiny  |n 2  |p kup  |w 001581978  |u 000020  |a 1  |e BOA001  |j MZK50  |s A